banner koha

Inventário Florestal Nacional, principais resultados: terra indígena Mangueirinha (Registro n. 86067)

MARC details
000 -LÍDER
campo de controle de tamanho fixo 01220nam a22003737a 4500
001 - NÚMERO DE CONTROLE
campo de controle BR2022000461
003 - IDENTIFICADOR DO NÚMERO DE CONTROLE
campo de controle BR-BrBNA
005 - DATA E HORÁRIO DA ÚLTIMA TRANSAÇÃO
campo de controle 20230928105645.0
007 - CAMPO FIXO DE DESCRIÇÃO FÍSICA--INFORMAÇÃO GERAL
campo de controle de tamanho fixo ta
008 - CAMPO DE DADOS FIXOS--INFORMAÇÃO GERAL
campo de controle de tamanho fixo 230509b bl.||||| |||| 00| 0 por d
020 ## - ISBN - INTERNATIONAL STANDARD BOOK NUMBER
ISBN - International Standard Book Number 978-85-63269-16-4
040 ## - FONTE DA CATALOGAÇÃO
Instituição da catalogação original BR-BrBNA
Idioma da catalogação por
Instituição que transcreveu o registro Biblioteca Nacional de Agricultura
041 ## - CÓDIGO DE IDIOMA
Código do idioma do texto/trilha sonora ou título diferente (Por)
072 ## - CÓDIGO DE CATEGORIA DE ASSUNTO
Código de Categoria de Assunto K10; P01; K70
Código do objeto 3000
-- 8901
090 ## - NÚMERO DE CHAMADA LOCAL
-- 3000 BR2022000461
100 1# - ENTRADA PRINCIPAL--NOME PESSOAL
Nome pessoal Rosa, C.M.M. (ed.);
100 1# - ENTRADA PRINCIPAL--NOME PESSOAL
Nome pessoal Freitas, J.V. de (ed.)
110 1# - ENTRADA PRINCIPAL--NOME CORPORATIVO
Nome corporativo ou nome da jurisdição Ministério da Agricultura, Pecuária e Abastecimento, Brasília, DF (Brasil). Serviço Florestal Brasileiro
9 (RLIN) 7345
245 1# - TÍTULO
Título Inventário Florestal Nacional, principais resultados: terra indígena Mangueirinha
Restante do título Série Relatórios Técnicos, IFN
260 3# - PUBLICAÇÃO, DISTRIBUIÇÃO, ETC.
Local de publicação, distribuição, etc. Brasília, DF (Brasil):
Data da publicação, distribuição, etc. 2019.
300 ## - DESCRIÇÃO FÍSICA
Extensão 80 p.
500 ## - NOTA GERAL
Nota geral 12 ref.; 51 illus.; 6 tables; 21 graphs
650 ## - ASSUNTO--TERMO TÓPICO
Cabeçalho tópico ou nome geográfico FLORESTA
650 ## - ASSUNTO--TERMO TÓPICO
Cabeçalho tópico ou nome geográfico INVENTÁRIO FLORESTAL
650 ## - ASSUNTO--TERMO TÓPICO
Cabeçalho tópico ou nome geográfico ARAUCÁRIA
650 ## - ASSUNTO--TERMO TÓPICO
Cabeçalho tópico ou nome geográfico BIODIVERSIDADE
650 ## - ASSUNTO--TERMO TÓPICO
Cabeçalho tópico ou nome geográfico PRODUTO FLORESTAL
650 ## - ASSUNTO--TERMO TÓPICO
Cabeçalho tópico ou nome geográfico RECURSO FLORESTAL
650 ## - ASSUNTO--TERMO TÓPICO
Cabeçalho tópico ou nome geográfico PROTEÇÃO AMBIENTAL
650 ## - ASSUNTO--TERMO TÓPICO
Cabeçalho tópico ou nome geográfico TERRA INDÍGENA MANGUEIRINHA
650 ## - ASSUNTO--TERMO TÓPICO
Cabeçalho tópico ou nome geográfico PARANÁ
909 ## -
-- 202309
-- Lucia
-- 55
-- Lucia Elande
942 ## - ELEMENTOS DE ENTRADA ADICIONADOS (KOHA)
Tipo de material Koha Livros
Exemplares
Situação do descarte Fonte da classificação ou esquema de arquivamento na estante Situação física Não pode ser emprestado Coleção Biblioteca de origem Biblioteca atual Total de empréstimos Número de telefone completo Código de barras Data de último acesso Número do exemplar Tipo de material Koha Situação das perdas Data de aquisição Fonte de aquisição
  Classificação AGRIS       Biblioteca Nacional de Agricultura - Binagri Biblioteca Nacional de Agricultura - Binagri   3000 BR2022000461 3000 BR2022000461 25/09/2023 01 Livros   2023-09-25 Portaria Interministerial nº 164/94

BINAGRI

Telefone: (61)3218-2567/2388/3357/2097 - binagri@agro.gov.br

Ministério da Agricultura e Pecuária , Esplanada dos Ministérios, Bloco D, Anexo B, Brasília/DF, CEP: 70.043-900